Statystyki dla Linie autobusowe i tramwajowe w Warszawie

Kliknij tutaj aby rozwiązać quiz!

Ogólne statystyki

  • Ten quiz został rozwiązany 15 razy
  • Średni wynik to 35 z 236

Statystyki odpowiedzi

NumerTrasa% Poprawnych
1Annopol - Banacha
85%
3Annopol - Gocławek
77%
2Metro Młociny - Winnica
69%
4Wyścigi - Żerań Wschodni
69%
6Gocławek - Metro Młociny
62%
9Gocławek - P+R Al. Krakowska
54%
7Kawęczyńska-Bazylika - P+R Al. Krakowska
54%
25Annopol - Banacha
46%
20Boernerowo - Żerań FSO
46%
23Czynszowa - Nowe Bemowo
46%
24Gocławek - Nowe Bemowo
46%
33Kielecka - Metro Młociny
46%
31Metro Wierzbno - PKP Służewiec
46%
22Piaski - Wiatraczna
46%
17PKP Służewiec - Winnica
46%
18PKP Służewiec - Żerań FSO
46%
35Banacha - Piaski
38%
15Marymont-Potok - P+R Al. Krakowska
38%
102Metro Stadion Narodowy - PKP Olszynka Grochowska
38%
26PKP Wola (Wolska) - Wiatraczna
38%
171Chomiczówka - Torwar
31%
158CH Reduta - Witolin
31%
117Dw. Centralny - Gocław
31%
28Dw. Wschodni (Kijowska) - Os. Górczewska
31%
103Dw. Zachodni (Tunelowa) - Metro Młociny
31%
76Fort Wola - Metro Młociny
31%
73Kawęczyńska-Bazylika - Metro Marymont
31%
106Mariensztat - Ostroroga
31%
136Natolin Płn. - Ostroroga
31%
105Os. Górczewska - Rondo Daszyńskiego
31%
10PKP Wola (Wolska) - Wyścigi
31%
208Bitwy Warszawskiej 1920r. - Bitwy Warszawskiej 1920r.
23%
138Bokserska - Utrata
23%
114Bródno-Podgrodzie - Młociny-UKSW
23%
127Browarna - Nowe Włochy
23%
104Brzeziny - Metro Bródno
23%
159CH Blue City - Małe Siekierki
23%
112CH Marki - Nowe Bemowo
23%
140Czarna Struga - Metro Trocka
23%
507Dw. Centralny - Gocław
23%
160Dw. Centralny - Grodzisk
23%
131Dw. Centralny - Sadyba
23%
123Dw. Wschodni (Kijowska) - Dw. Wschodni (Lubelska)
23%
111Esperanto - Gocław
23%
E-1Gocław - Metro Stadion Narodowy
23%
509Gocław - Winnica
23%
157Gwiaździsta - Szczęśliwice
23%
129Koło - PKP Ursus
23%
148Lotnisko Chopina - Wiatraczna
23%
125Metro Stadion Narodowy - Międzylesie
23%
523PKP Olszynka Grochowska - Stare Bemowo
23%
151Pl. Konstytucji - Rechniewskiego
23%
128Pl. Piłsudskiego - Szczęśliwice
23%
141P+R Al. Krakowska - Witolin
23%
115Aleksandrów - PKP Mokry Ług
15%
142Aleksandrów - Wiatraczna
15%
213Błota - Gocław
15%
174Bokserska - Rondo ONZ
15%
409Bródno-Podgrodzie - Cm. Północny-Brama Zach.
15%
414Bródno-Podgrodzie - Instalatorów
15%
199Bródno-Podgrodzie - Rembertów-Strzelnica
15%
500Bródno-Podgrodzie - Rondo "Radosława"
15%
110CH Łomianki - Metro Marymont
15%
116Chomiczówka - Wilanów
15%
176Choszczówka - Metro Bródno
15%
133Choszczówka - Tarchomin
15%
511Dąbrówka Wiślana - Metro Młociny
15%
525Dw. Centralny - Międzylesie
15%
504Dw. Centralny - Os. Kabaty
15%
ZA1Dw. Centralny - PKP WKD Al. Jerozolimskie
15%
501Dw. Centralny - Stegny
15%
512Dw. Wschodni (Kijowska) - Gilarska
15%
156Dw. Wschodni (Kijowska) - Metro Młociny
15%
120Dw. Wschodni (Kijowska) - Olesin
15%
146Dw. Wschodni (Lubelska) - Falenica
15%
147Dw. Wschodni (Lubelska) - Stara Miłosna (Ułańska)
15%
717Dw. Zachodni - Ogińskiego
15%
817Dw. Zachodni - Os. Staszica/Pętla
15%
182Dw. Zachodni - Witolin
15%
107EC Siekierki - Esperanto
15%
164EC Siekierki - Kępa Zawadowska
15%
162EC Siekierki - Pl. Hallera
15%
521Falenica - Szczęśliwice
15%
188Gocławek Wschodni - Lotnisko Chopina
15%
202Gocławek Wschodni - Metro Stadion Narodowy
15%
311Gocław - Kamionek
15%
527Grodzisk - Metro Kondratowicza
15%
149Groty - Metro Bemowo
15%
122Gwiaździsta - Os. Górczewska
15%
503Konwiktorska - Natolin Płn.
15%
178Konwiktorska - Skorosze
15%
175Lotnisko Chopina - Pl. Piłsudskiego
15%
118Mariensztat - Metro Politechnika
15%
402Marysin - Wynalazek
15%
134Metro Marymont - Olesin
15%
210Metro Młociny - Skibińskiego
15%
184Metro Młociny - Szczęśliwice
15%
502Metro Politechnika - Stara Miłosna (Graniczna)
15%
514Metro Politechnika - Wola Grzybowska
15%
E-2Metro Ratusz Arsenał - Wilanów
15%
738Metro Trocka - P+R Radzymin
15%
139Metro Wilanowska - Ogród Botaniczny
15%
709Metro Wilanowska - PKP Piaseczno
15%
220Nowe Bemowo - Rebusowa
15%
186Nowodwory - Szczęśliwice
15%
516Nowodwory - Żerań FSO
15%
161Olecka - Zbójna Góra
15%
152Os. Derby - Tarchomin
15%
124Paluch - P+R Al. Krakowska
15%
135PKP Olszynka Grochowska - Pl. Hallera
15%
191Pl. Narutowicza - Regulska
15%
143Pomnik Lotnika - Rembertów-Kolonia
15%
317P+R Al. Krakowska - Wilanów
15%
119Rakowiecka-Sanktuarium - Wiśniowa Góra
15%
167Siekierki-Sanktuarium - Stare Bemowo
15%
517Torwar - Ursus-Niedźwiadek
15%
401Ursus-Niedźwiadek - Ursynów Płd.
15%
145Wiatraczna - Żerań FSO
15%
713AGRICOOP - Cm. Wolski
8%
222Bielańska - Spartańska
8%
193Bokserska - Ursynów Płn.
8%
169Bródno-Podgrodzie - Dw. Wschodni (Kijowska)
8%
245Bródno-Podgrodzie - Maczka
8%
730Brzeziny - Wiatraczna
8%
263Centrum Onkologii - Stegny
8%
172CH Blue City - Stegny
8%
900Chlubna - Poetów
8%
190CH Marki - Znana
8%
180Chomiczówka - Wilanów
8%
251CH Stara Papiernia - Metro Wilanowska
8%
212CH Targówek - Pl. Hallera
8%
126CH Targówek - Tarchomin
8%
185CH Ursynów - Gwiaździsta
8%
181Cm. Północny-Brama Gł - Pl. Wilsona
8%
303Cm. Północny-Brama Gł - Pl. Wilsona
8%
716Cm. Wolski - Ogińskiego
8%
194Cm. Wolski - PKP Gołąbki
8%
255Cm. Wolski - Rondo Daszyńskiego
8%
850Cybulice Duże - Metro Słodowiec
8%
522Dw. Centralny - Branickiego
8%
200Dw. Centralny - Pańska
8%
519Dw. Centralny - Powsin-Park Kultury
8%
173Dw. Wschodni (Lubelska) - Stara Miłosna (Graniczna)
8%
154Dw. Zachodni - P+R Al. Krakowska
8%
150Dziekanów Leśny - Metro Młociny
8%
170Elsnerów - Rondo Starzyńskiego
8%
203Fort Wawrzyszew - Metro Młociny
8%
225Gocław - PKP Mokry Ług
8%
219Gocław - PKP Radość
8%
121Gwiaździsta - Metro Marymont
8%
739Julianowska-Cmentarz - Metro Wilanowska
8%
264Kępa Okrzewska-Cmentarz - Wilanów
8%
Z12Klaudyn - Metro Młociny
8%
714Koczargi Stare - Metro Bemowo
8%
703Kosów - P+R Al. Krakowska
8%
721Kosów - P+R Al. Krakowska
8%
218Królikarnia - Metro Wilanowska
8%
719Leszno - Metro Bemowo
8%
262Lewinów - Metro Trocka
8%
331Lotnisko Chopina - Metro Wilanowska
8%
729Mariew - Metro Bemowo
8%
520Marysin - Pl. Bankowy
8%
256Metro Kondratowicza - Zaułek-Szkoła
8%
201Metro Księcia Janusza - Nowe Bemowo
8%
132Metro Marymont - Os. Derby
8%
735Metro Marymont - Zegrze Płd.
8%
411Metro Politechnika - Stara Miłosna (Graniczna)
8%
339Metro Wilanowska - Os. Kabaty
8%
192Metro Wilanowska - Os. Kabaty
8%
108Metro Wilanowska - Plac Trzech Krzyży
8%
165Metro Wilanowska - Wyczółki
8%
736Mickiewicza - Żerań FSO
8%
319Międzylesie - Pileckiego
8%
733Młochów - P+R Al. Krakowska
8%
518Nowodwory - Pl. Trzech Krzyży
8%
702Orla - Wiatraczna
8%
189Os. Górczewska - Sadyba
8%
177Os. Górczewska - Ursus-Niedźwiadek
8%
166Os. Kabaty - Pl. Hallera
8%
742Os. Kabaty - Rynek
8%
710Os. Kabaty - Targowisko
8%
179Os. Kabaty - Ursynów Płn.
8%
722Os. Radiówek - Wiatraczna
8%
153Pastuszków - Rembertów-Kolonia
8%
704PKP Halinów - Wiatraczna
8%
723PKP Legionowo Przystanek - Żerań FSO
8%
198PKP Wesoła - Stara Miłosna (Ułańska)`
8%
338Pl. Hallera - Utrata
8%
706Pl. Szwedzki - P+R Al. Krakowska
8%
815Podolszyn - Ursynów Płd.
8%
711P+R Al. Krakowska - P+R Nadarzyn
8%
707P+R Al. Krakowska - Targowisko
8%
728P+R Al. Krakowska - Złotokłos
8%
207Regulska - Ursus-Ratusz
8%
196Rembertów-Kolonia - Rembertów-Kolonia
8%
720Rzakta - Wiatraczna
8%
187Sadyba - Ursus-Niedźwiadek
8%
379Sarmacka - Wilanów
8%
228Sasanki - Ursus-Ratusz
8%
168Spartańska - Witolin
8%
731Starostwo Powiatowe - Żerań FSO
8%
183Wiatraczna - Zielona
8%
234Augustów - Żerań Wschodni
0%
197Cm. Wolski - Gwiaździst
0%
Z26Cm. Wolski - Metro Płocka
0%
250Dąbrowa Zachodnia - Metro Młociny
0%
211Dąbrówka Wiślana - Świderska
0%
221Dw. Gdański (Rydygiera) - Gen. Maczka
0%
320Fort Radiowo - Groty
0%
204Grodzisk - Metro Bródno
0%
Z31Kępa Zawadowska - Wilanów
0%
712Klaudyn - Metro Bemowo
0%
724Kolejka Piaseczyńska - Os. Kabaty
0%
249Koło - Os. Górczewska
0%
239Krasnowola - Ursynów Płn.
0%
326Metro Bródno - Metro Marymont
0%
226Metro Bródno - Zdziarska-Kanał
0%
240Metro Kondratowicza - Struga
0%
705Metro Marymont - Rynia
0%
750Metro Młociny - Palmiry
0%
356Metro Trocka - PKP Zacisze-Wilno
0%
340Metro Trocka - Struga
0%
308Metro Wierzbno - Os. Pozytywny Mokotów
0%
217Metro Wilanowska - Natolin Płn.
0%
300Metro Wilanowska - Tor Służewiec
0%
727Metro Wilanowska - Władysławów
0%
Z11Myśliborska - Żerań FSO
0%
314Olesin - Tarchomin
0%
743Os. Górczewska - Wolica k. Płochocina
0%
809PKP Jeziorki - Ursynów Płd.
0%
305PKP Międzylesie - Strusia
0%
332Podwójna - Juranda ze Spychowa-Szkoła
0%
715P+R Al. Krakowska - Ursynów Płn.
0%
209Ursynów Płd. - Dawidy
0%
737Ursynów Płn. - Cm. Południowy-Brama Płd.
0%
163Wilanów - Stegny
0%

Rozkład punktacji

Percentyl według liczby udzielonych odpowiedzi

Procent ludzi z każdym wynikiem

Twoja historia wyników

Nie rozwiązałeś tego quizu